• 首页
  • 本馆介绍
  • 公告通知
  • 最新文献
  • 馆藏检索
  • 电子资源
  • 读者导购
  • 参考咨询
  • 我的图书馆
  • 登录
  • 详细信息显示
  • 放入我的书架
  • 预约/预借图书
  • 作者相关作品
  • 分类相关作品
  • 丛书相关作品
  • 出版社相关作品

书目信息

  • 表格格式
  • 工作单格式
  • 卡片格式
题名:
红白喜事场景主持、致词技巧与范例大全
    
 
作者: 杨茜彦 编著
分册:  
出版信息: 北京   中国华侨出版社  2011
页数: 16,477页
开本: 29cm
丛书名:
单 册:
中图分类: H119
科图分类:
主题词: 主持人--语言艺术--中国 , 主持人 , 语言艺术
电子资源:
ISBN: 978-7-5113-0709-5
000 00839nam0 2200253 45
001 012001004757
005 20140928162350.0
010    @a978-7-5113-0709-5@dCNY59.80
100    @a20110415d2011 em y0chiy50 ea
101 0  @achi
102    @aCN@b110000
105    @ay z 000yy
106    @ar
200 1  @a红白喜事场景主持、致词技巧与范例大全@9hong bai xi shi chang jing zhu chi 、 zhi ci ji qiao yu fan li da quan@f杨茜彦编著
210    @a北京@c中国华侨出版社@d2011
215    @a16,477页@d29cm
330    @a本书全面汇集主持、致词的临场实战经验、方法和理论,详尽介绍红白喜事及各种庆典场合中的主持、致词技巧和艺术。
606 0  @a主持人@x语言艺术@y中国
606 0  @a主持人
606 0  @a语言艺术
690    @aH119@v4
701  0 @a杨茜彦@9yang xi yan@4编著
801  0 @aCN@b上海新华@c20180901
905    @b1171437-41@dH119@e120@f5
    
    红白喜事场景主持、致词技巧与范例大全/杨茜彦编著.-北京:中国华侨出版社,2011
    16,477页;29cm
    
    
    ISBN 978-7-5113-0709-5:CNY59.80
    本书全面汇集主持、致词的临场实战经验、方法和理论,详尽介绍红白喜事及各种庆典场合中的主持、致词技巧和艺术。
●
相关链接 在E读中查询图书 在五车中查询图书 在当当中查询图书 在豆瓣中查询图书


正题名:红白喜事场景主持、致词技巧与范例大全     索取号:H119/120         预约/预借

序号 登录号 条形码 馆藏地/架位号 状态 备注
1 1171437   211714377   第二样本阅览室/ [索取号:H119/120] 在馆    
2 1171438   211714386   第四借阅区/ [索取号:H119/120] 在馆    
3 1171439   211714395   第四借阅区/ [索取号:H119/120] 在馆    
4 1171440   211714402   第四借阅区/ [索取号:H119/120] 在馆    
5 1171441   211714411   密集书库-文学院/ [索取号:H119/120] 在馆    
唐山师范学院图书馆 欢迎您!
大连网信软件有限公司© 版权所有